000 00628nam a2200217Ia 4500
005 20250108124822.0
008 008 250107s9999 xx 000 0 eng d
037 _aTB
040 _aCRL
_beng
_cCRL
041 _aeng
_2eng
084 _aO142,1x 153R1
084 _qCRL
100 _aE. Sridharan Ed.
_9729924
245 0 _aCoalition politics in India: selected issues at the centre and the states
_cE. Sridharan Ed.
260 _aNew Delhi, India
_bAcademic Foundation
_c2303
300 _a463p.
365 _aINR
_b120
650 _aHISTORY
942 _cTB
_hO142,1x 153R1
999 _c1234691
_d1234691